00321nam a22001337a 4500003000400000020001800004082001400022100001800036245003700054250001200091260006400103300000800167650001200175SGT a9789354664762 a611bB24G aGarg, Krishna aB. D. Chaurasia's Human Anatomy  a9th ed. aDelhi, IndiabC. B. S. Publishers & Distributers Pvt. Ltd.  a532 aAnatomy